| 000 -LEADER |
| fixed length control field |
nam a22 7a 4500 |
| 005 - DATE AND TIME OF LATEST TRANSACTION |
| control field |
20190301054034.0 |
| 008 - FIXED-LENGTH DATA ELEMENTS--GENERAL INFORMATION |
| fixed length control field |
190301b xxu||||| |||| 00| 0 eng d |
| 020 ## - IDENTIFIER FOR THE MANIFESTATION |
| Identifier for the Manifestation |
9781408855669 |
| Binding |
paperback |
| 040 ## - CATALOGING SOURCE |
| Language of Cataloging |
eng |
| Transcribing Agency |
APEC Schools Library |
| Description Conventions |
rda |
| 082 ## - DEWEY DECIMAL CLASSIFICATION NUMBER |
| Classification number |
Fic |
| Author's Number |
R884 1998 |
| 100 ## - CREATOR |
| Preferred Name of the Person |
Rowling, J.K. |
| 245 ## - TITLE AND STATEMENT OF RESPONSIBILITY |
| Preferred Title Proper |
Harry Potter : and the chamber of secrets / |
| Statement of Responsibility/Parallel Statement of Responsibility |
J.K. Rowling |
| 264 ## - PUBLICATION STATEMENT |
| Place of publication, distribution, etc |
London : |
| Publisher's Name/Parallel Publisher's Name |
Bloomsbury Publishing, |
| Copyright |
©1998. |
| 300 ## - PHYSICAL DESCRIPTION |
| Extent |
359 pages ; |
| Dimensions |
20 cm. |
| 336 ## - RDA CONTENT |
| Source |
rdacontent |
| Content Type |
text |
| 337 ## - RDA MEDIA |
| Source |
rdamedia |
| Media Type |
unmediated |
| 338 ## - RDA CARRIER |
| Source |
rdacarrier |
| Carrier Type |
volume |
| 490 ## - SERIES STATEMENT |
| Title Proper of Series |
Harry Potter series. |
| Numbering Within Series |
bk. 2 |
| 942 ## - ADDED ENTRY ELEMENTS (KOHA) |
| Source of Classification |
|
| Koha Item Type |
Books |